000 00806cab a2200289 4500
001 ABS48462
008 090401t1993 xxu||||| |||| 00| 0 eng d
035 _a(Sirsi) u66895
041 _aeng
100 _aCurtis, M.
245 _aIs there a mart for these chaps?
260 _c1993
350 _a0
490 _aGIS Europe
_v2(3) April 1993, 26-28(3)
520 _aDescribes a collaborative project between Ordnance Survey and the Hydrographic Office resulting in the production of a prototype coastal zone map.
650 _aCOASTAL DEFENCES
650 _aCOASTAL ZONE MANAGEMENT
650 _aCOASTAL ZONES
650 _aGIS
650 _aGPS
650 _aMAPPING
690 _aMAPPING
700 _aHarper, B.
700 _aFellingham, W.
942 _n0
948 _c04/03/1997
999 _c41811
_d41811